| 000 | 01604nam a22004337a 4500 | ||
|---|---|---|---|
| 001 | 000095797 | ||
| 003 | CHAP | ||
| 005 | 20220823111039.0 | ||
| 008 | 060524d2006 mx d r 00110 spa d | ||
| 010 | _a92263 | ||
| 011 | _a93235 | ||
| 035 | _a103807 | ||
| 040 | _cCHAP | ||
| 090 | _aTesis | ||
| 100 | 1 |
_aLópez López, Iván de Jesús. _968038 |
|
| 245 | 1 | 0 |
_aEstimación de las funciones de demanda y oferta de aguacate en México para el periodo 1980-2004 / _c/por Ivan de Jesús López López y Lessly Gabriela López Velázquez. |
| 260 |
_aChapingo, Méx. : _bEl autor, _c2006. |
||
| 300 |
_a88 h. : _bgráfs. ; cuadros ; tablas. |
||
| 502 | _aTesis (Ing. Agr. Esp. en Economía Agrícola) -- UACH. División de Ciencias Económico Administrativas | ||
| 590 |
_aALEPH _b10 _c20130110 |
||
| 590 |
_aBATCH-UPD _b10 _c20130110 |
||
| 590 |
_aBATCH-UPD _b10 _c20130410 |
||
| 590 |
_aBATCH-UPD _b10 _c20130913 |
||
| 590 |
_aCONVERSION _b10 _c20130109 |
||
| 590 |
_aE5765TAJ _b10 _c20130611 |
||
| 650 | 1 | 4 |
_aAguacate _xExportacion. _92515 |
| 650 | 1 | 4 |
_aAguacate _xMercadeo. _92534 |
| 650 | 1 | 4 |
_aAguacate _xMexico. _92536 |
| 650 | 1 | 4 |
_aAguacate _xPrecios. _92548 |
| 650 | 1 | 4 |
_aOferta y demanda. _982790 |
| 700 | 1 |
_aLópez Velázquez, Lessly Gabriela. _968405 |
|
| 856 |
_3Finding aid _uhttp://10.13.5.2/tesis/103807.pdf _zTeclea aquí |
||
| 901 | _aBK | ||
| 905 | _aMarco A. Mendoza T. | ||
| 942 |
_cCD _2ddc |
||
| 942 |
_n0 _2ddc |
||
| 949 |
_aTesis _bBC _cTES _d00000001038071 _eTS1 _gDonaciØn _h45278 _i103807 _sb |
||
| 949 |
_aTesis _bBC _cTES _d33724000990909 _eTS2 _fc.2 _gDonaciØn _h45279 _i103807 _si |
||
| 999 |
_c92263 _d92263 |
||